000
00231nam a2200097Ia 4500
001
730163
005
20250826163709.0
008
250824s9999 xx 000 0 und d
245
0
_a
BARAJ
_c
RAMAZAN YASİN GÜNEY
260
_b
ATLIKARINCA
999
_c
730163
_d
730163